00452nam a2200181 a 4500001001300000003000900013005001700022008004100039020000800080082001900088100002100107245002100128260003400149300000900183500003500192650002200227700002100249nice12345678IN_TiNIC20260116015232.0070618s1973 hyda grp 000 0 eng  ac100a500.80297bALI aAli, Mir Najabat aPath of Destiney aHyderabadbNo Publisherc1973 a197p aincludes index and biblioraphy aIslam and Science1 aAli, Mir Najabat